000 00459nam a2200157Ia 4500
005 20250612020613.0
008 240331s9999 xx 000 0 und d
020 _a955916600X
082 _bDIS
_a322
100 _aDissanayake, W
245 0 _aSri Lankawe wame wyaparaya
260 _aColombo
_bInstitute for Studies and research on mass action
_c1992
300 _a196 p .,
500 _aAn analytical approach to the left movement in Sri Lanka
942 _cL
999 _c2384
_d2384